00525nam a22001697a 450000500170000002000290001704000340004608200190008010000270009924500590012626000620018530000260024754600080027365000130028165000340029470000270032820251001115341.0 a9976603983cTZS 20,000/= aMCCLbeng.eAACR 2nd rev. ed. a346.678046 FIM aFimbo, Gamaliel Mgongo aLand Law reforms in Tanzania c/Gamaliel Mgongo Fimbo  aDar es salaam :bDar es salaam university press ,cc2004. axvii, 50 p. :c18 cm. aeng aLand Law aLand law policies and reforms aFimbo, Gamaliel Mgongo